000 00756nam a2200253 i 4500
003 DO-SdBNP
005 20240209073218.0
006 a||||gr|||| 00| 0
007 ta
008 240902e2015 dr ||||| |||| 00| 0 spa d
040 _aDO-SdBNP
_bspa
_cBNPHU
_erda
082 4 _222
_bT787
100 1 _aDelgado Suriel, Rafael
_eautor
_96281
245 1 0 _a33 días en gracia /
_cRafael Delgado Suriel, Reverendo
246 _aTreinta y tres días en gracia
264 _aLa vega, República Dominicana :
_bAmigo del Hogar,
_c2015
300 _a31 páginas ;
_b16 cm.
336 _2rdacontent
_atexto
_btxt
337 _2rdamedia
_asin mediación
_bn
338 _2rdacarrier
_avolumen
_bnc
590 _aInventariado 2024/DG
910 _aDG
942 _2ddc
_cLF2
999 _c55876
_d55876